000 00818nam a22002777a 4500
003 CHAP
005 20220329135116.0
008 971013s r 00010 d
010 _a31055
011 _a32027
035 _a36139
040 _cCHAP
090 _aR-338
100 0 0 _aLockie, J. D.
_967412
245 _aTerritory in small carnivores
500 _aSobretiro de: Symp. Zool. Soc. London. No. 18:143-165, 1966.
590 _aBATCH-UPD
_b10
_c20130110
_lUCH01
_h0245
590 _aBATCH-UPD
_b10
_c20130110
_lUCH01
_h2158
590 _aBATCH-UPD
_b10
_c20130409
_lUCH01
_h2314
590 _aBATCH-UPD
_b10
_c20130914
_lUCH01
_h0851
590 _aCONVERSION
_b10
_c20130109
_lUCH01
_h1318
650 1 4 _aCarnívoros.
_919246
901 _aBK
942 _cREIMP
949 _aR-338
_bBC
_cR
_d-83309
_eTS1
_i36139
_si
999 _c31055
_d31055